Религията на самураите (Запис номер 147326)
[ съкратено ]
| 000 -Лидер | |
|---|---|
| Контролно поле с фиксирана дължина | 01741nam a2200397 c 4500 |
| 003 - Код на организацията, давaща контролен номер | |
| Контролно поле | BLK |
| 005 - Дата и час на последна редакция | |
| Контролно поле | 20210921152001.0 |
| 008 - Елементи от данни с фиксирана дължина | |
| fixed length control field | 180410b bul|||||r ||||||| ||bul|| |
| 010 ## - Наследен системен номер | |
| LC control number | KNG00153535000 |
| 020 ## - Международен стандартен номер на книга ISBN | |
| Международен стандартен номер на книга ISBN | 978-954-319-137-6 |
| -- | издат.: Шамбала |
| 040 ## - Източник на каталожния запис | |
| Идентификатор на билиотеката - собственик на записа | BLK |
| 041 ## - Код за език | |
| Код за езика на текст/звукозапис или на отделно заглавие | Български |
| Код за езика КДБФ | Български |
| 072 #7 - Код за тематичната категория | |
| Код организация | bullib |
| Код за тематична категория | Н20 |
| Текст | Религия. Теология Н |
| 080 ## - УДК | |
| Текстов определител УДК | Будизъм. Ламаизъм. Джайнизъм. Подразделя се като 291 |
| УДК код - определител по УДК | 294.3 |
| УДК определител | (510+520) |
| УДК - код + определител | 294.3(510+520) |
| 100 1# - Редна дума - Автор | |
| Автор | Нукария Кайтен |
| Авторска отговорност | първи автор |
| R(LIN) | 103986 |
| 139 ## - Редно поле | |
| Редна дума | Нукария Кайтен |
| Авторски знак | Ну - Н 95 |
| 245 10 - Сведения за заглавието | |
| Заглавие | Религията на самураите |
| Подзаглавни данни | Дзен-философията и обучението в Китай и Япония |
| Редно поле (дума) | Нукария Кайтен; прев. от англ. Атлаза Костадинова Дукова. |
| 257 ## - Страна на издаване | |
| Страна на създаване/издаване | Япония |
| 260 ## - Област на издателските данни | |
| -- | София |
| Име на издателя, разпространителя и проч. | Шамбала |
| Година на издаване | 2009 |
| Печатница | Перник : Съперник |
| 300 ## - Физическа характеристика | |
| Страници | 304 с. |
| Размери/Мащаб | 22 см |
| 380 ## - Жанр | |
| Жанр | Религия. Теология |
| 490 1# - СЕРИИ (Колекции) | |
| Име на серия | Поредица Япония |
| 500 ## - Общи забележки | |
| Забележка | Ориг. загл. The Religion of the Samurai. A Study of Zen Philosophy and Discipline in China and Japan / Kaiten Nukariya. |
| 650 #4 - Допълнително описание по предмет – тема | |
| Основно описание – тема или топоним | Дзен будизъм - Китай |
| 9 (RLIN) | 328690 |
| 650 #4 - Допълнително описание по предмет – тема | |
| Основно описание – тема или топоним | Дзен будизъм - Япония |
| 9 (RLIN) | 327881 |
| 651 #4 - Допълнително описание по предмет - топоним | |
| Географско понятие | Китай |
| 9 (RLIN) | 242505 |
| 651 #4 - Допълнително описание по предмет - топоним | |
| Географско понятие | Япония |
| 9 (RLIN) | 179845 |
| 653 ## - Ключова дума – ненормативна | |
| Ключова дума | дзен-будизъм |
| 659 ## - Тематичен бюлетин | |
| Тематичен бюлетин | Н |
| 700 1# - Други автори (авторска отговорност) | |
| Лично име | Дукова, Атлаза Костадинова |
| Автороска отговорност (Описва отношението между автора и произведението) | прев. от англ. |
| 9 (RLIN) | 329584 |
| 852 ## - Местоположение | |
| Форматна сигнатура | Цб 266566 |
| 856 4# - Електронен адрес и достъп | |
| Електронен формат | pdf - файл |
| Път до файла /url/ | |
| 856 4# - Електронен адрес и достъп | |
| Електронен формат | pdf - файл |
| Път до файла /url/ | |
| 942 ## - АРТИКУЛИ | |
| Вид на библиотечния материал | Книги |
| Скрит в OPAC | Не |
| Koha issues (borrowed), all copies | 4 |
| 944 ## - СЪЗДАВАНЕ И РЕДАКЦИЯ на ЗАПИСА | |
| Създаване/Редакция | Създаване |
| Дата на регистрацията/редакция | 20.11.2013 |
| Статус, дата на статуса | ф / |
| Служител, извършил регистрацията/редакцията | Симона_Петрова |
| 944 ## - СЪЗДАВАНЕ И РЕДАКЦИЯ на ЗАПИСА | |
| Създаване/Редакция | Редакция |
| Дата на регистрацията/редакция | 20.09.2017 |
| Статус, дата на статуса | ф / |
| Служител, извършил регистрацията/редакцията | Людмила_Стоянова |
| 999 ## - СИСТЕМНИ КОНТРОЛНИ НОМЕРА | |
| Koha biblionumber | 147326 |
| Koha biblioitemnumber | 147326 |
| Код за отписване | Код за изгубен артикул | Код за повреда | Коз за рестрикции | Код за отдаване | Артикулен № | Име на библиотеката - собственик | Име на библиотеката, в която се намира в момента | Статус (Текущо местоположение) | Дата на вписване в системата | Местоположение - отдел | Цена в лева | Инвентарен номер | Систематично азбучна сигнатура | Баркод | Номер на екземпляра | Цена в евро | Служебна бележка | Служебен тип на артикула |
|---|---|---|---|---|---|---|---|---|---|---|---|---|---|---|---|---|---|---|
| Не е изгубен | Не е повреден | без рестрикции | ползва се в читалня | 244989 | Регионална библиотека "Любен Каравелов" Русе | Регионална библиотека "Любен Каравелов" Русе | Хранилище | 2013-11-20 | Хранилище | 14.00 | 120000771877 | Цб 266566 | 120000771877 | 1 | 7.16 | Дост: Dp Вид: Д N: 45 Дата: 07.11.2012 | Книги | |
| Не е изгубен | Не е повреден | без рестрикции | заемане за дома | 244990 | Регионална библиотека "Любен Каравелов" Русе | Регионална библиотека "Любен Каравелов" Русе | Заемна - подръчен фонд | 2017-08-19 | Заемна - подръчен фонд | 14.00 | 120000814334 | П 29/Н 95 | 120000814334 | 2 | 7.16 | Дост: DA Вид: А N: 33 Дата: 19.08.2017 Дата инв: 02.02.2018 Бележки инв: П2018 | Книги |